Grammaire plyglotte ou Tableaux synoptiques comparés des langues française, allemande, anglaise, italienne, espagnole et hébraïque (Record no. 156443)

MARC details
000 -LEADER
campo de control de longitud fija 00920nam a22001815i 4500
001 - NÚMERO DE CONTROL
campo de control 156443
003 - IDENTIFICADOR DE NÚMERO DE CONTROL
campo de control ES-MaACL
005 - FECHA Y HORA DE LA ÚLTIMA TRANSACCIÓN
campo de control 20230906210417.0
008 - DATOS DE LONGITUD FIJA--INFORMACIÓN GENERAL
campo de control de longitud fija 040730s1852 fr |||| | fre d
040 ## - FUENTE DE CATALOGACIÓN
Centro catalogador/agencia de origen CAM
Lengua de catalogación spa
Centro/agencia transcriptor CAM
100 1# - ENTRADA PRINCIPAL--NOMBRE DE PERSONA
Nombre de persona Jost, S.
9 (RLIN) 128357
245 10 - MENCIÓN DEL TÍTULO
Título Grammaire plyglotte ou Tableaux synoptiques comparés des langues française, allemande, anglaise, italienne, espagnole et hébraïque
Resto del título : accompagnés de la prononciation figurée et d'annotations philologiques, exégétiques et archéologiques... /
Mención de responsabilidad, etc. par S. Jost.
250 ## - MENCION DE EDICION
Mención de edición 2éme éd. rev. et aum.
260 ## - PUBLICACIÓN, DISTRIBUCIÓN, ETC.
Lugar de publicación, distribución, etc. A Paris :
Nombre del editor, distribuidor, etc. chez l'auteur-éditeur, rue Rossini, 28,
Fecha de publicación, distribución, etc. 1852 (
Fabricante Typ. de Mme. Ve Dondey-Dupré)
300 ## - DESCRIPCIÓN FÍSICA
Extensión VI, 124 p. ;
Dimensiones 20 cm.
650 04 - PUNTO DE ACCESO ADICIONAL DE MATERIA--TÉRMINO DE MATERIA
Término de materia o nombre geográfico como elemento de entrada Gramática comparada.
9 (RLIN) 13155
852 ## - LOCALIZACIÓN
Ubicación ES-MaACL
Número de control de estantería T-334-F-3
Nota libre -- Enc. hol., falto de la cub. original
-- -- Enc. en un vol. facticio
-- -- Ejemp. autentificado con la firma ms. del autor
Holdings
Estatus retirado Estado de pérdida Estado de daño No para préstamo Colección Biblioteca de origen Biblioteca actual Ubicación en estantería Fecha de adquisición Total de préstamos Signatura topográfica completa Código de barras Visto por última vez Precio de reemplazo Tipo de ítem Koha
        Colección de folletos Biblioteca del Ateneo de Madrid Biblioteca del Ateneo de Madrid Depósito folletos 17/01/2008   T-334-F-3 1163673 23/02/2023 23/02/2023 Folleto